000
00236nam a22000857a 4500
008
161028b xxu||||| |||| 00| 0 eng d
100
_9
980
_a
Sharma,.R.K.
245
_a
Science and Technology
260
_a
New Delhi
_b
Holy Faith Publications
_c
2006
999
_c
3639
_d
3639